Asking Alexandria Discography - Statistics

General Stats
  • This quiz has been taken 25 times
    9 since last reset
  • The average score is 6 of 10
Answer Stats
Type Year Name % Correct
Album 2017 Asking Alexandria
83%
Album 2020 Like a House on Fire
83%
Album 2009 Stand Up and Scream
83%
Album 2011 Reckless & Relentless
67%
Album 2016 The Black
67%
Album 2013 From Death to Destiny
50%
Remix Album 2011 Stepped Up and Scratched
50%
EP 2010 Life Gone Wild
33%
Live Album 2014 Live from Brixton and Beyond
33%
EP 2012 Under the Influence: A Tribute to the Legends of Hard Rock
17%
No matching quizzes found
Score Distribution
Percent of People with Each Score
Percentile by Number Answered
Your Score History
You have not taken this quiz since the last reset